Countries Without Vowels Quiz #08 - Statistics

General Stats
  • This quiz has been taken 16 times
  • The average score is 12 of 14
Answer Stats
Countries (No Vowels) Countries % Correct
NRWY Norway
100%
BHTN Bhutan
92%
CST RC Costa Rica
92%
DMNCN RPBLC Dominican Republic
92%
GBN Gabon
92%
NGR (the country with a circle on it's flag) Niger
92%
STH KR South Korea
92%
MYNMR Myanmar
85%
NGR (the one without orange on it's flag) Nigeria
85%
TNG Tonga
85%
CMRS Comoros
77%
RN Iran
77%
RGY Uruguay
77%
CLND Iceland
69%
No matching quizzes found
Score Distribution
Percent of People with Each Score
Percentile by Number Answered
Your Score History
You have not taken this quiz